| 000 | 00541nam a22001937a 4500 | ||
|---|---|---|---|
| 003 | OSt | ||
| 005 | 20140310181754.0 | ||
| 008 | 130629t xxu||||| |||| 00| 0 eng d | ||
| 020 | _a978-9715182829 | ||
| 050 |
_aCB 1539 _b.B737 2009 |
||
| 082 |
_aFIL 372.64 _bB63 2009 |
||
| 245 |
_aSalu-salo _bA gathering _cSusie R. Baclagon-Borrero |
||
| 250 | _a1st Ed | ||
| 260 |
_aManila, Philippines: _bLampara Publishing House, Inc., _cc2009 |
||
| 300 |
_a32 p. _bill.; _c23 cm. |
||
| 521 | _aBasic Ed | ||
| 541 |
_g18621 _j1 |
||
| 942 |
_2lcc _cBK-FIL _kFIL |
||
| 999 |
_c3380 _d3380 |
||